[Event "16th ECh U20 Girls"]
[Site "Patras GRE"]
[Date "1999.10.15"]
[Round "10"]
[White "Makka, Ioulia"]
[Black "Bogza, Adina"]
[Result "1-0"]
[WhiteElo "2099"]
[BlackElo "2210"]
[EventDate "1999.10.02"]
[PlyCount "89"]

1.e4 d6 2.d4 Nf6 3.Nc3 g6 4.Be3 Bg7 5.Qd2 c6 6.f3 Nbd7 7.g4 Nb6 8.Bh6 Bxh6
9.Qxh6 Be6 10.Nge2 Qc7 11.Nf4 Bc4 12.Bh3 Nfd7 13.O-O-O O-O-O 14.g5 Kb8 15.
Nd3 c5 16.dxc5 Nxc5 17.Nb4 e6 18.Kb1 a5 19.Nd3 Nba4 20.Nxa4 Nxa4 21.Nc1 
Rhg8 22.Qh4 Qc5 23.Nb3 Qe5 24.Nd4 Be2 25.f4 Qg7 26.Rd2 Rc8 27.Qf2 Rc4 28.
e5 Rb4 29.Nxe2 Rxb2+ 30.Ka1 dxe5 31.fxe5 Qxe5 32.Qg3 Qxg3 33.Nxg3 Rc8 34.
Rc1 Rc3 35.Bf1 b5 36.Rb1 Rbxc2 37.Rxc2 Rxc2 38.Bxb5 Nc3 39.Bd3+ Nxb1 40.
Bxc2 Nd2 41.Bd1 Kc7 42.Be2 Kd6 43.Kb2 Kd5 44.Kc2 Ne4 45.Bf3 1-0

[Event "16th ECh U20 Girls"]
[Site "Patras GRE"]
[Date "1999.10.15"]
[Round "10"]
[White "Palotai, Piroska"]
[Black "Sperdokli, Elli"]
[Result "0-1"]
[WhiteElo "2072"]
[BlackElo "2124"]
[EventDate "1999.10.02"]
[PlyCount "62"]

1.e4 c5 2.Nf3 a6 3.d4 cxd4 4.Nxd4 Nf6 5.Nc3 d6 6.a4 e5 7.Nb3 Be6 8.Bg5 
Nbd7 9.Be2 Be7 10.O-O O-O 11.Kh1 Rc8 12.Nd2 Qb6 13.Rb1 Qb4 14.f4 exf4 15.
Rxf4 Qc5 16.Bxf6 Bxf6 17.Bd3 Ne5 18.Nb3 Qe3 19.Qd2 Qxd2 20.Nxd2 Nxd3 21.
cxd3 Bxc3 22.bxc3 Rxc3 23.Rxb7 Rxd3 24.Nf1 Rd4 25.Rb6 Bc4 26.a5 f5 27.g3 
Bxf1 28.Rxf1 fxe4 29.Rxf8+ Kxf8 30.Rxa6 e3 31.Kg1 Rd1+ 0-1

[Event "16th ECh U20 Girls"]
[Site "Patras GRE"]
[Date "1999.10.15"]
[Round "10"]
[White "Reizniece, Dana"]
[Black "Matnadze, Ana"]
[Result "1-0"]
[WhiteElo "2294"]
[BlackElo "2280"]
[EventDate "1999.10.02"]
[PlyCount "89"]

1.c4 Nf6 2.Nc3 e6 3.e4 d5 4.e5 d4 5.exf6 dxc3 6.bxc3 Qxf6 7.Nf3 e5 8.Rb1 
Bd6 9.Bd3 O-O 10.O-O c5 11.Re1 Nc6 12.Be4 h6 13.Qc2 Rb8 14.Ba3 Na5 15.Qa4 
Qd8 16.Bd5 Bd7 17.Qc2 Qf6 18.Rbd1 Rbc8 19.d4 exd4 20.cxd4 cxd4 21.Bxd6 
Qxd6 22.Rxd4 Qb6 23.Rh4 Qf6 24.Qd2 Nc6 25.Rf4 Qd8 26.Nh4 g5 27.Rfe4 Qf6 
28.Nf3 Bf5 29.R4e3 Kg7 30.h3 Rcd8 31.a4 Rd6 32.Ne5 Nxe5 33.Rxe5 Rd7 34.Qe3
b6 35.f4 gxf4 36.Qxf4 Bg6 37.Qg4 Rc7 38.h4 Kh7 39.Qg3 h5 40.Rf1 Qd8 41.
Rff5 Kh6 42.Rxh5+ Bxh5 43.Rxh5+ Kxh5 44.Qg7 f5 45.Bf3+ 1-0

[Event "16th ECh U20 Girls"]
[Site "Patras GRE"]
[Date "1999.10.15"]
[Round "10"]
[White "Tkeshelashvili, Sopio"]
[Black "Iwaniuk, Dorota"]
[Result "1-0"]
[WhiteElo "2284"]
[BlackElo "2189"]
[EventDate "1999.10.02"]
[PlyCount "89"]

1.e4 e6 2.d4 d5 3.e5 c5 4.c3 Nc6 5.Nf3 Bd7 6.Bd3 Rc8 7.a3 cxd4 8.cxd4 Qb6 
9.Bc2 Nh6 10.Nc3 g6 11.O-O Nf5 12.Ne2 Be7 13.Rb1 O-O 14.Bxf5 exf5 15.Nf4 
Be6 16.h4 Na5 17.b3 Rfd8 18.h5 Rc6 19.g3 Rc3 20.Bd2 Rxb3 21.Bxa5 Rxb1 22.
Qxb1 Qxa5 23.Nxe6 fxe6 24.Qxb7 Qxa3 25.Kg2 gxh5 26.Rh1 h4 27.Nxh4 a5 28.
Qc6 Bxh4 29.Qxe6+ Kh8 30.Rxh4 Qf8 31.Qa6 Ra8 32.Qb7 Qg8 33.Rxh7+ Qxh7 34.
Qxa8+ Qg8 35.Qxa5 f4 36.Qd2 f3+ 37.Kxf3 Qg6 38.Qf4 Qd3+ 39.Kg2 Qe2 40.Qh6+
Kg8 41.Qe6+ Kh8 42.Qxd5 Qg4 43.e6 Qg6 44.e7 Qe8 45.Qd8 1-0

[Event "16th ECh U20 Girls"]
[Site "Patras GRE"]
[Date "1999.10.16"]
[Round "11"]
[White "Dacalor, Aurelie"]
[Black "Horn, Emilia"]
[Result "0-1"]
[WhiteElo "2131"]
[BlackElo "2003"]
[EventDate "1999.10.02"]
[PlyCount "64"]

1.d4 d5 2.c4 c6 3.Nf3 Nf6 4.Nc3 dxc4 5.e4 b5 6.e5 Nd5 7.a4 e6 8.Ng5 h6 9.
Nge4 b4 10.Nb1 Ba6 11.Qg4 g6 12.Nbd2 c3 13.bxc3 Bxf1 14.Kxf1 bxc3 15.Nc4 
c5 16.Ncd6+ Bxd6 17.Nxd6+ Kf8 18.Ba3 Nd7 19.Qf3 Rh7 20.Nb7 Qc8 21.dxc5 Kg8
22.Nd6 Qa6+ 23.Qe2 Qxa4 24.Qb5 Qxb5+ 25.Nxb5 a6 26.Nd4 Nxe5 27.Rb1 Rc8 28.
Nb3 f6 29.g3 Rb7 30.Ke2 Nc4 31.Nd2 Rxb1 32.Nxb1 c2 0-1

[Event "16th ECh U20 Girls"]
[Site "Patras GRE"]
[Date "1999.10.16"]
[Round "11"]
[White "Gurbanova, Kemala"]
[Black "Palotai, Piroska"]
[Result "1/2-1/2"]
[WhiteElo "2078"]
[BlackElo "2072"]
[EventDate "1999.10.02"]
[PlyCount "60"]

1.d4 Nf6 2.c4 g6 3.Nc3 Bg7 4.e4 d6 5.Nf3 O-O 6.Be2 c5 7.d5 Bd7 8.O-O b5 9.
cxb5 a6 10.bxa6 Nxa6 11.Re1 Bg4 12.h3 Bxf3 13.Bxf3 Nd7 14.Be2 Qb6 15.Bf1 
Rfc8 16.Na4 Qa7 17.Rb1 Nb4 18.Bb5 Rcb8 19.Nc3 Nxa2 20.Bd2 Nb4 21.Ra1 Qc7 
22.Rxa8 Rxa8 23.Na4 Nb6 24.Bxb4 Nxa4 25.Bxa4 cxb4 26.b3 Qc5 27.Qc1 Bd4 28.
Qxc5 dxc5 29.Rc1 Kg7 30.Kf1 Kf6 1/2-1/2

[Event "16th ECh U20 Girls"]
[Site "Patras GRE"]
[Date "1999.10.16"]
[Round "11"]
[White "Bogza, Adina"]
[Black "Redondo Arguelles, Graciela"]
[Result "1/2-1/2"]
[WhiteElo "2210"]
[BlackElo "2067"]
[EventDate "1999.10.02"]
[PlyCount "90"]

1.g3 e6 2.Bg2 Nf6 3.d3 d5 4.Nf3 Be7 5.O-O O-O 6.Nbd2 c5 7.e4 Nc6 8.Re1 
dxe4 9.dxe4 e5 10.c3 Qc7 11.Qc2 b6 12.Nc4 Ba6 13.Ne3 Rad8 14.Nd5 Nxd5 15.
exd5 Rxd5 16.Qe4 Rd6 17.Nxe5 Nxe5 18.Bf4 Ng6 19.Bxd6 Bxd6 20.Rad1 Rd8 21.
Qa4 Bc8 22.Re8+ Rxe8 23.Qxe8+ Nf8 24.Rxd6 Qxd6 25.Qxc8 Qd1+ 26.Bf1 Qb1 27.
Qa6 Qxb2 28.Qxa7 Qxc3 29.Qxb6 Qa3 30.Qb3 Qxb3 31.axb3 Ne6 32.f4 Kf8 33.Kf2
Ke7 34.Ke3 Nd4 35.Bc4 f6 36.g4 Kd6 37.Ke4 Nc6 38.h4 h6 39.Bf7 Ne7 40.Kd3 
Kc6 41.Ke3 Kd6 42.Ke4 Kc6 43.g5 hxg5 44.hxg5 Kd6 45.gxf6 gxf6 1/2-1/2

[Event "16th ECh U20 Girls"]
[Site "Patras GRE"]
[Date "1999.10.16"]
[Round "11"]
[White "Kalinina, Vladislava"]
[Black "Iwaniuk, Dorota"]
[Result "1-0"]
[WhiteElo "2239"]
[BlackElo "2189"]
[EventDate "1999.10.02"]
[PlyCount "113"]

1.e4 c5 2.Nf3 d6 3.d4 cxd4 4.Qxd4 Nc6 5.Bb5 Bd7 6.Bxc6 Bxc6 7.Nc3 Nf6 8.
Bg5 e6 9.O-O-O Be7 10.Rhe1 O-O 11.Qd2 Qc7 12.Nd4 Rfd8 13.f4 Rab8 14.Qe2 h6
15.Bxf6 Bxf6 16.f5 Qb6 17.Qd3 Bxd4 18.Qxd4 Qxd4 19.Rxd4 Kf8 20.g4 Ke7 21.
h4 Kf6 22.Red1 Ke5 23.R1d3 h5 24.fxe6 fxe6 25.gxh5 Rh8 26.b4 a6 27.a4 Rbd8
28.b5 axb5 29.axb5 Be8 30.Rc4 Rxh5 31.Rg3 g6 32.Rc7 Kf4 33.Rg1 b6 34.Rc4 
Ke5 35.Rg4 Ra8 36.Kd2 d5 37.exd5 exd5 38.Rc7 d4 39.Ne2 Rd8 40.Ng3 Rh8 41.
Rb7 Rd6 42.Rg5+ Kf4 43.Ne2+ Kf3 44.Ng1+ Kf4 45.Nh3+ Kf3 46.Ng1+ Kf4 47.
Ne2+ Kf3 48.Re7 Rf8 49.Ng1+ Kf4 50.Kd3 Bxb5+ 51.Rxb5 Rf5 52.Re4+ Kg3 53.
Ne2+ Kf2 54.Rxf5+ gxf5 55.Rf4+ Ke1 56.Rxf5 b5 57.Ng3 1-0

[Event "16th ECh U20 Girls"]
[Site "Patras GRE"]
[Date "1999.10.16"]
[Round "11"]
[White "Mladenovic, Jelena"]
[Black "Buckley, Melanie"]
[Result "1/2-1/2"]
[WhiteElo "2023"]
[BlackElo "2075"]
[EventDate "1999.10.02"]
[PlyCount "73"]

1.e4 e6 2.d4 d5 3.Nd2 Nf6 4.e5 Nfd7 5.Bd3 c5 6.c3 Nc6 7.Ne2 cxd4 8.cxd4 f6
9.exf6 Nxf6 10.Nf3 Bd6 11.Nc3 a6 12.O-O O-O 13.Re1 Qc7 14.Be3 Bd7 15.Rc1 
Rae8 16.Ne5 Bxe5 17.dxe5 Qxe5 18.Bc5 Qg5 19.Bxf8 Rxf8 20.Re3 Nh5 21.Rh3 g6
22.Be2 Nf4 23.Rg3 Qe5 24.Bf3 Nd4 25.Qd2 Bc6 26.Rd1 Nxf3+ 27.Rxf3 d4 28.
Qxd4 Qxd4 29.Rxd4 Bxf3 30.gxf3 Nd5 31.Nxd5 exd5 32.Rxd5 Rxf3 33.Rd8+ Rf8 
34.Rd6 Rf7 35.Rb6 Kf8 36.Kf1 Ke8 37.b3 1/2-1/2

[Event "16th ECh U20 Girls"]
[Site "Patras GRE"]
[Date "1999.10.16"]
[Round "11"]
[White "Pokorna, Regina"]
[Black "Makka, Ioulia"]
[Result "1-0"]
[WhiteElo "2198"]
[BlackElo "2099"]
[EventDate "1999.10.02"]
[PlyCount "47"]

1.e4 c6 2.d4 d5 3.exd5 cxd5 4.c4 Nf6 5.Nc3 e6 6.Nf3 Bb4 7.Bd3 Nc6 8.O-O 
dxc4 9.Bxc4 O-O 10.a3 Be7 11.Qd3 Qb6 12.Bf4 a6 13.b4 Qd8 14.Bb3 b5 15.Rad1
Bb7 16.Ng5 g6 17.Nge4 Nxe4 18.Nxe4 Qb6 19.Nc5 Rad8 20.Nxb7 Qxb7 21.d5 Na7 
22.Bh6 Rfe8 23.dxe6 f6 24.Qxd8 1-0

[Event "16th ECh U20 Girls"]
[Site "Patras GRE"]
[Date "1999.10.16"]
[Round "11"]
[White "Potikha, Liza"]
[Black "Batyte, Daiva"]
[Result "0-1"]
[WhiteElo "2061"]
[BlackElo "2107"]
[EventDate "1999.10.02"]
[PlyCount "80"]

1.e4 e6 2.d4 d5 3.Nc3 Nf6 4.e5 Nfd7 5.f4 a6 6.Nf3 c5 7.Be3 cxd4 8.Nxd4 Nc6
9.Qd2 Bc5 10.O-O-O Bxd4 11.Bxd4 b5 12.Kb1 O-O 13.h4 b4 14.Na4 Qa5 15.b3 
Nxd4 16.Qxd4 Bb7 17.Rh3 Bc6 18.Nb2 Qb6 19.g4 a5 20.Qxb6 Nxb6 21.Rd4 Rab8 
22.Re3 Nd7 23.c4 Nc5 24.Bg2 Rfd8 25.cxd5 exd5 26.Re1 Ne6 27.Rd2 Nxf4 28.
Rc1 Bb5 29.Bf3 d4 30.Rc7 d3 31.Be4 Ne2 32.Bf5 Nc3+ 33.Ka1 g6 34.Bxd3 Ne4 
35.Re2 Bxd3 36.Nxd3 Nc3 37.Rd2 Rd4 38.Kb2 Rbd8 39.Rc2 Nd5 40.Re2 Nxc7 0-1

[Event "16th ECh U20 Girls"]
[Site "Patras GRE"]
[Date "1999.10.17"]
[Round "12"]
[White "Batyte, Daiva"]
[Black "Pokorna, Regina"]
[Result "1/2-1/2"]
[WhiteElo "2107"]
[BlackElo "2198"]
[EventDate "1999.10.02"]
[PlyCount "73"]

1.e4 e5 2.Nf3 Nc6 3.d4 exd4 4.Nxd4 Bc5 5.Be3 Qf6 6.c3 Qg6 7.Nd2 Nf6 8.Be2 
d6 9.h4 h5 10.Qa4 Bd7 11.Bb5 O-O 12.Bxc6 bxc6 13.O-O-O Nxe4 14.g4 Nxd2 15.
gxh5 Qb1+ 16.Kxd2 Qxb2+ 17.Nc2 Bf5 18.Rc1 Bxe3+ 19.fxe3 Bxc2 20.Rxc2 Qb5 
21.Qd4 Qxh5 22.Rg1 Qe5 23.Rg5 Qxd4+ 24.cxd4 Rab8 25.Ra5 Rb7 26.Rxc6 Re8 
27.Kd3 Kf8 28.Rca6 Ra8 29.h5 Ke7 30.Rg5 Kf6 31.Raa5 g6 32.Rg2 gxh5 33.Rxh5
Ke7 34.Rf5 c6 35.Rc2 Rb6 36.Rcf2 Rf8 37.e4 1/2-1/2

[Event "16th ECh U20 Girls"]
[Site "Patras GRE"]
[Date "1999.10.17"]
[Round "12"]
[White "Buckley, Melanie"]
[Black "Bogza, Adina"]
[Result "0-1"]
[WhiteElo "2075"]
[BlackElo "2210"]
[EventDate "1999.10.02"]
[PlyCount "80"]

1.e4 d6 2.Nc3 Nf6 3.g3 g6 4.Bg2 Bg7 5.d3 O-O 6.f4 Nc6 7.Nf3 h6 8.O-O e5 9.
Ne2 Kh7 10.h3 Nh5 11.f5 g5 12.Nh2 Nf6 13.Nc3 Ne7 14.h4 gxh4 15.g4 Rh8 16.
Rf3 Kg8 17.g5 hxg5 18.Bxg5 Kf8 19.Rh3 c6 20.Qe1 Neg8 21.Kh1 Qb6 22.Rb1 Bd7
23.Be3 Qd8 24.Bg5 Qe8 25.Rxh4 Nh7 26.Bd2 Qe7 27.Rh3 Ng5 28.Rxh8 Bxh8 29.
Qg3 Bf6 30.Ng4 Nh7 31.Rg1 Bg5 32.Bxg5 Qxg5 33.Bh3 Ke7 34.Ne3 Qxg3 35.Rxg3 
Ngf6 36.Rg7 Rh8 37.Ne2 Ng5 38.Rxg5 Rxh3+ 39.Kg2 Rxe3 40.Ng3 Re1 0-1

[Event "16th ECh U20 Girls"]
[Site "Patras GRE"]
[Date "1999.10.17"]
[Round "12"]
[White "Goletiani, Rusudan"]
[Black "Radziewicz, Iweta"]
[Result "0-1"]
[WhiteElo "2386"]
[BlackElo "2395"]
[EventDate "1999.10.02"]
[PlyCount "110"]

1.e4 c5 2.Nf3 g6 3.g3 Bg7 4.Bg2 Nc6 5.O-O e5 6.d3 Nge7 7.c3 O-O 8.a3 d5 9.
Nbd2 b6 10.b4 cxb4 11.axb4 d4 12.cxd4 Nxd4 13.Nxd4 Qxd4 14.Nb3 Qd7 15.Be3 
Bb7 16.d4 Nc6 17.dxe5 Qxd1 18.Rfxd1 Nxb4 19.Rd7 Nc2 20.Rxb7 Nxa1 21.Nxa1 
Bxe5 22.Nc2 Rfc8 23.Nb4 a5 24.Nd3 Bc3 25.e5 Rab8 26.Ra7 Rd8 27.Be4 b5 28.
Nc5 Bd4 29.Bxd4 Rxd4 30.Nd7 Rd8 31.Nf6+ Kg7 32.Rxa5 Rb8 33.Bd5 Ra4 34.Rxa4
bxa4 35.Ne4 Rb5 36.Ba2 a3 37.Nc3 Rc5 38.Nd5 Rc2 39.Bb3 a2 40.Bxa2 Rxa2 41.
Ne3 Kf8 42.Kg2 Ke7 43.Kg1 g5 44.f4 gxf4 45.gxf4 Ke6 46.h4 Ra4 47.Ng2 Kf5 
48.Kf2 Kg4 49.h5 Rxf4+ 50.Nxf4 Kxf4 51.h6 Kxe5 52.Ke3 Kf5 53.Kf3 Kg5 54.
Ke4 f6 55.Kf3 Kxh6 0-1

[Event "16th ECh U20 Girls"]
[Site "Patras GRE"]
[Date "1999.10.17"]
[Round "12"]
[White "Kalinina, Vladislava"]
[Black "Nill, Jessica"]
[Result "1/2-1/2"]
[WhiteElo "2239"]
[BlackElo "2168"]
[EventDate "1999.10.02"]
[PlyCount "75"]

1.e4 e5 2.Nf3 Nc6 3.c3 f5 4.d4 fxe4 5.Nxe5 Nxe5 6.dxe5 d5 7.exd6 Bxd6 8.
Qa4+ c6 9.Qxe4+ Ne7 10.Bc4 Bf5 11.Qe2 Qc7 12.Be6 Bxe6 13.Qxe6 Bxh2 14.Bg5 
Qe5+ 15.Qxe5 Bxe5 16.Nd2 Nd5 17.Nf3 Bc7 18.c4 Nb6 19.O-O-O O-O 20.Rh4 h6 
21.Be3 Rad8 22.Rdh1 Rf6 23.Rg4 Kf7 24.Rh5 Nd7 25.Bd4 Rg6 26.Rf5+ Nf6 27.
Rxg6 Kxg6 28.Nh4+ Kf7 29.Bc3 Re8 30.Rf3 Re4 31.Nf5 Kg6 32.Nxg7 Ng4 33.Kd1 
Rxc4 34.Ne6 Be5 35.Nf8+ Kg7 36.Ne6+ Kg6 37.Nf8+ Kg7 38.Ne6+ 1/2-1/2

[Event "16th ECh U20 Girls"]
[Site "Patras GRE"]
[Date "1999.10.17"]
[Round "12"]
[White "Krivec, Jana"]
[Black "Tkeshelashvili, Sopio"]
[Result "1/2-1/2"]
[WhiteElo "2177"]
[BlackElo "2284"]
[EventDate "1999.10.02"]
[PlyCount "70"]

1.e4 c5 2.Nf3 d6 3.d4 cxd4 4.Nxd4 Nf6 5.Nc3 Nc6 6.Bc4 Qb6 7.Nb3 e6 8.Be3 
Qc7 9.f4 a6 10.Qe2 b5 11.Bd3 Be7 12.O-O-O Na5 13.g4 Bb7 14.g5 Nd7 15.f5 b4
16.fxe6 fxe6 17.Nb1 Nxb3+ 18.axb3 Ne5 19.Nd2 O-O 20.Nc4 Nxd3+ 21.Qxd3 d5 
22.Nb6 Rad8 23.exd5 Bxd5 24.Nxd5 Rxd5 25.Qxa6 Qe5 26.Qa7 Bxg5 27.Bxg5 
Qxg5+ 28.Kb1 Ra5 29.Rhg1 Rxa7 30.Rxg5 Rfa8 31.c4 bxc3 32.Rdg1 cxb2 33.Kxb2
g6 34.h4 Ra2+ 35.Kc3 Rc8+ 1/2-1/2

[Event "16th ECh U20 Girls"]
[Site "Patras GRE"]
[Date "1999.10.17"]
[Round "12"]
[White "Kucypera, Anna"]
[Black "Henriques, Sofia"]
[Result "1-0"]
[WhiteElo "2218"]
[BlackElo "2018"]
[EventDate "1999.10.02"]
[PlyCount "67"]

1.e4 e5 2.Nf3 Nc6 3.d4 exd4 4.Nxd4 Nf6 5.Nxc6 bxc6 6.e5 Qe7 7.Qe2 Nd5 8.c4
Ba6 9.b3 g6 10.f4 Bg7 11.Qe4 Nf6 12.Qf3 O-O 13.Be2 Ne8 14.Ba3 d6 15.Qxc6 
Rd8 16.Qxa6 Bxe5 17.fxe5 Qxe5 18.Bb4 Qxa1 19.O-O Qd4+ 20.Kh1 Ng7 21.Bc3 
Qe3 22.Bf3 Rde8 23.Qc6 Nf5 24.Qd5 Qe7 25.Qd2 Qh4 26.Qf2 Qxf2 27.Rxf2 Re3 
28.Bd2 Re7 29.Nc3 Rfe8 30.h3 Nd4 31.Nd5 Nxf3 32.Nxe7+ Rxe7 33.Rxf3 Re2 34.
Rd3 1-0

[Event "16th ECh U20 Girls"]
[Site "Patras GRE"]
[Date "1999.10.17"]
[Round "12"]
[White "Redondo Arguelles, Graciela"]
[Black "Makka, Ioulia"]
[Result "1-0"]
[WhiteElo "2067"]
[BlackElo "2099"]
[EventDate "1999.10.02"]
[PlyCount "169"]

1.e4 c6 2.d4 d5 3.exd5 cxd5 4.c4 Nf6 5.Nc3 e6 6.Nf3 Bb4 7.Bd3 dxc4 8.Bxc4 
Nd5 9.Qb3 Nc6 10.O-O Nxc3 11.bxc3 Be7 12.Bd3 O-O 13.Qc2 g6 14.Bh6 Re8 15.
Qd2 Bf6 16.Ng5 Bg7 17.Ne4 f6 18.Rad1 a6 19.Rfe1 Qc7 20.a4 Kh8 21.Bxg7+ 
Kxg7 22.Qe2 b6 23.Qb2 Bd7 24.Qe2 Ne7 25.Bxa6 Bxa4 26.Ra1 Bc6 27.Bb5 Nd5 
28.Bxc6 Qxc6 29.c4 Nc7 30.Qf3 Rf8 31.Rxa8 Qxa8 32.Qb3 Qa5 33.Kf1 Rd8 34.
Rd1 Rd7 35.Qc3 Qxc3 36.Nxc3 Kf7 37.Ke2 Ke7 38.Ke3 Rd6 39.Rb1 Rc6 40.Kd3 
Rd6 41.Ra1 Rc6 42.Ra7 Kd8 43.Ne4 f5 44.Ng5 Kc8 45.Nxh7 Kb8 46.Ra1 Rd6 47.
f4 Rd8 48.Ng5 Kb7 49.Re1 Rd6 50.Nf7 Rd7 51.Ne5 Rh7 52.h3 Rg7 53.Re3 g5 54.
Rg3 g4 55.hxg4 fxg4 56.Rxg4 Rh7 57.Nf3 b5 58.cxb5 Nxb5 59.Rh4 Rg7 60.g4 
Kc6 61.Ne5+ Kd5 62.Nf3 Kd6 63.g5 Kd5 64.Rh6 Rc7 65.Rf6 Rc3+ 66.Ke2 Rc2+ 
67.Ke3 Rc3+ 68.Kf2 Nd6 69.Nd2 Rc2 70.Ke1 Nf5 71.g6 Rc1+ 72.Kf2 Rc2 73.Ke2 
Nxd4+ 74.Kd3 Rc8 75.g7 Rg8 76.Rf8 Rxg7 77.Rd8+ Kc6 78.Rxd4 Rg1 79.Nf3 Rd1+
80.Ke4 Rf1 81.Rd3 Rf2 82.Ke5 Re2+ 83.Kf6 Re4 84.Rd4 Re3 85.Ng5 1-0

[Event "16th ECh U20 Girls"]
[Site "Patras GRE"]
[Date "1999.10.17"]
[Round "12"]
[White "Rezek, Anet"]
[Black "Gurbanova, Kemala"]
[Result "0-1"]
[WhiteElo "2105"]
[BlackElo "2078"]
[EventDate "1999.10.02"]
[PlyCount "78"]

1.e4 c5 2.Nf3 Nc6 3.d4 cxd4 4.Nxd4 e5 5.Nf3 Nf6 6.Nc3 Bc5 7.Bg5 O-O 8.Nd5 
Bxf2+ 9.Ke2 Bc5 10.c3 Be7 11.Bxf6 Bxf6 12.Qd3 g6 13.g4 Bg7 14.Rg1 Ne7 15.
Bh3 Nxd5 16.Qxd5 Qb6 17.b3 Qc6 18.c4 b5 19.Qxc6 dxc6 20.c5 Rd8 21.Rad1 Ba6
22.b4 Bb7 23.g5 Kf8 24.Rd6 Ke7 25.Rgd1 Rxd6 26.cxd6+ Kd8 27.Ne1 a5 28.Nd3 
axb4 29.Rd2 Ra3 30.Bg4 Rc3 31.Nxb4 Rc4 32.Nd3 Rxe4+ 33.Kf3 Rc4 34.Kg3 c5 
35.a4 e4 36.Rf2 Bd5 37.Nf4 Be5 38.Kh4 Bxf4 39.Rxf4 Rxa4 0-1

[Event "16th ECh U20 Girls"]
[Site "Patras GRE"]
[Date "1999.10.17"]
[Round "12"]
[White "Sperdokli, Elli"]
[Black "Reizniece, Dana"]
[Result "1-0"]
[WhiteElo "2124"]
[BlackElo "2294"]
[EventDate "1999.10.02"]
[PlyCount "137"]

1.e4 d6 2.f4 g6 3.Nf3 Bg7 4.c3 c5 5.Bc4 Nf6 6.e5 dxe5 7.fxe5 Nd5 8.Qb3 e6 
9.O-O Nc6 10.Bb5 Bd7 11.Bxc6 Bxc6 12.d3 O-O 13.Na3 Nb6 14.Nc4 Ba4 15.Qa3 
Qxd3 16.Nd6 Bxe5 17.Nxb7 Bd6 18.Nxd6 Qxd6 19.Bh6 Rfe8 20.b3 Bd7 21.Rad1 
Qc7 22.c4 e5 23.Qb2 Bg4 24.Rde1 Bxf3 25.Rxf3 Rad8 26.Ref1 f5 27.Rg3 Qd7 
28.Qf2 f4 29.Rf3 Qd4 30.g3 Qxf2+ 31.R3xf2 Rd6 32.gxf4 e4 33.f5 gxf5 34.
Rg2+ Rg6 35.Rxf5 e3 36.Rxg6+ hxg6 37.Rf1 e2 38.Re1 Nd7 39.Bf4 Re4 40.Bg3 
Ne5 41.Bxe5 Rxe5 42.Kf2 Rh5 43.Kg2 Re5 44.Kf3 Kf7 45.Rxe2 Rf5+ 46.Kg2 Rg5+
47.Kf1 Rh5 48.Rf2+ Ke6 49.Ke2 Rh3 50.Kd2 Ke5 51.Kc2 g5 52.Kb2 g4 53.Ka3 
Rh6 54.Ka4 a6 55.Ka5 Ke4 56.a3 Kd3 57.Rg2 Kc3 58.Rg3+ Kb2 59.b4 Rxh2 60.
Kxa6 Rh3 61.Rg2+ Kxa3 62.bxc5 Kb4 63.c6 Kc5 64.c7 Ra3+ 65.Kb7 Rb3+ 66.Kc8 
g3 67.Kd8 Rd3+ 68.Ke8 Re3+ 69.Kf8 1-0

[Event "16th ECh U20 Girls"]
[Site "Patras GRE"]
[Date "1999.10.17"]
[Round "12"]
[White "Virnik, Elena"]
[Black "Horn, Emilia"]
[Result "1/2-1/2"]
[WhiteElo "2154"]
[BlackElo "2003"]
[EventDate "1999.10.02"]
[PlyCount "85"]

1.e4 g6 2.d4 Nf6 3.e5 Nh5 4.Be2 d6 5.Bxh5 gxh5 6.Qxh5 dxe5 7.Qxe5 Rg8 8.c3
Nd7 9.Qe2 Rxg2 10.Bf4 Rg6 11.Nf3 Bg7 12.Nbd2 Nb6 13.O-O-O Bg4 14.h3 Bxf3 
15.Qxf3 c6 16.Rde1 Qd5 17.Qxd5 Nxd5 18.Bg3 Kd7 19.Nf3 Bh6+ 20.Kc2 f6 21.
Re4 e6 22.Rhe1 Re8 23.a3 Bf8 24.Rh4 Rh6 25.Ree4 Re7 26.Rxh6 Bxh6 27.Rh4 
Bf8 28.Nd2 Rf7 29.Ne4 Be7 30.c4 Nc7 31.Rf4 f5 32.Rf3 Ne8 33.Be5 Rf8 34.Nc3
Nd6 35.b3 Rg8 36.a4 Rg6 37.a5 b6 38.axb6 axb6 39.Na4 Nc8 40.c5 b5 41.Nb2 
Bh4 42.Bg3 Bf6 43.Be5 1/2-1/2

[Event "16th ECh U20 Girls"]
[Site "Patras GRE"]
[Date "1999.10.17"]
[Round "12"]
[White "Zozulia, Anna"]
[Black "Polovnikova, Ekaterina"]
[Result "1/2-1/2"]
[WhiteElo "2353"]
[BlackElo "2299"]
[EventDate "1999.10.02"]
[PlyCount "110"]

1.e4 d5 2.exd5 Qxd5 3.Nc3 Qa5 4.d4 Nf6 5.Nf3 c6 6.Bd2 Bf5 7.Ne4 Qc7 8.
Nxf6+ gxf6 9.g3 e6 10.Bg2 Nd7 11.O-O O-O-O 12.Qe2 Rg8 13.c4 Bg4 14.Bc3 h5 
15.Qc2 Bxf3 16.Bxf3 h4 17.Qh7 Bd6 18.Qxh4 Rh8 19.Qe4 f5 20.Qe2 Rh7 21.c5 
Be7 22.Bd2 Rg8 23.Bg2 Bg5 24.Bxg5 Rxg5 25.b4 Rgh5 26.h3 f4 27.b5 fxg3 28.
bxc6 gxf2+ 29.Rxf2 bxc6 30.Rb1 Nb8 31.Qg4 Rh8 32.Rfb2 Nd7 33.Qe2 Qf4 34.
Qd2 Qxd2 35.Rxd2 Kc7 36.Rf2 f6 37.Rb4 a5 38.Rb3 Rh4 39.Re2 Re8 40.Ra3 Rxd4
41.Rxa5 Rb4 42.Rd2 Nb8 43.Ra7+ Rb7 44.Rxb7+ Kxb7 45.Rd6 f5 46.Kf2 e5 47.
Rf6 f4 48.Rf7+ Ka6 49.Bf1+ Ka5 50.Rb7 e4 51.Bc4 Ka4 52.Bb3+ Ka3 53.Ke2 Rd8
54.Be6 Re8 55.Bb3 Rd8 1/2-1/2

[Event "16th ECh U20 Girls"]
[Site "Patras GRE"]
[Date "1999.10.18"]
[Round "13"]
[White "Polovnikova, Ekaterina"]
[Black "Goletiani, Rusudan"]
[Result "1-0"]
[WhiteElo "2299"]
[BlackElo "2386"]
[EventDate "1999.10.02"]
[PlyCount "83"]

1.e4 c5 2.Nf3 e6 3.d3 d5 4.Nbd2 Nf6 5.g3 Nc6 6.Bg2 Be7 7.O-O b6 8.Re1 Bb7 
9.e5 Nd7 10.h4 Qc7 11.Qe2 h6 12.Nf1 O-O-O 13.c3 g5 14.hxg5 hxg5 15.N1h2 
Rh5 16.Ng4 Rdh8 17.d4 Kb8 18.a3 Ka8 19.b4 cxd4 20.cxd4 f5 21.exf6 Nxf6 22.
b5 Nxg4 23.bxc6 Bc8 24.Bd2 Bf6 25.Qd3 Qg7 26.a4 Nh2 27.a5 bxa5 28.Rxa5 
Nxf3+ 29.Qxf3 Bxd4 30.Be3 g4 31.Bxd4 Qxd4 32.Qb3 Rf5 33.Re2 Rhf8 34.Rb2 
Ba6 35.Rxa6 R5f7 36.Ra4 Qe5 37.Rf4 Rh8 38.Rxf7 Qe1+ 39.Bf1 Rh1+ 40.Kxh1 
Qxf1+ 41.Kh2 Qh3+ 42.Kg1 1-0

[Event "16th ECh U20 Girls"]
[Site "Patras GRE"]
[Date "1999.10.18"]
[Round "13"]
[White "Horn, Emilia"]
[Black "Kucypera, Anna"]
[Result "0-1"]
[WhiteElo "2003"]
[BlackElo "2218"]
[EventDate "1999.10.02"]
[PlyCount "68"]

1.e4 c5 2.Nf3 Nc6 3.d3 g6 4.g3 Bg7 5.Bg2 Nf6 6.O-O O-O 7.Re1 d6 8.Nbd2 h6 
9.h4 Bg4 10.Nf1 Qd7 11.N1h2 Bh3 12.Bh1 e5 13.Nf1 d5 14.exd5 Nxd5 15.Ne3 
Nc7 16.Kh2 Rad8 17.Bd2 Be6 18.a4 f5 19.Bc3 e4 20.Bxg7 Qxg7 21.Ng1 c4 22.
Qc1 cxd3 23.cxd3 Rxd3 24.Ne2 g5 25.hxg5 hxg5 26.Rd1 Ne5 27.Nc3 f4 28.Nf1 
fxg3+ 29.fxg3 Ng4+ 30.Kg2 Rf2+ 31.Kg1 Rxf1+ 32.Rxf1 Rxg3+ 33.Bg2 Qd4+ 34.
Kh1 Qh8+ 0-1

[Event "16th ECh U20 Girls"]
[Site "Patras GRE"]
[Date "1999.10.18"]
[Round "13"]
[White "Palotai, Piroska"]
[Black "Hitzgerova, Gabriela"]
[Result "0-1"]
[WhiteElo "2072"]
[BlackElo "2208"]
[EventDate "1999.10.02"]
[PlyCount "32"]

1.e4 d6 2.Nc3 Nf6 3.f4 g6 4.Nf3 Bg7 5.Bc4 O-O 6.d3 e6 7.Bb3 c5 8.h3 Nc6 9.
Be3 Na5 10.Qd2 Rb8 11.g4 b5 12.Nd1 c4 13.dxc4 bxc4 14.Ba4 Nxe4 15.Qg2 Rb4 
16.Nd4 Rxa4 0-1

[Event "16th ECh U20 Girls"]
[Site "Patras GRE"]
[Date "1999.10.18"]
[Round "13"]
[White "Radziewicz, Iweta"]
[Black "Krivec, Jana"]
[Result "1-0"]
[WhiteElo "2395"]
[BlackElo "2177"]
[EventDate "1999.10.02"]
[PlyCount "43"]

1.Nf3 Nf6 2.d4 g6 3.c4 Bg7 4.Nc3 O-O 5.e4 d6 6.Be2 c5 7.O-O Na6 8.Re1 Re8 
9.h3 cxd4 10.Nxd4 Nc5 11.Bf1 a6 12.b4 Ne6 13.Be3 Nxd4 14.Bxd4 Be6 15.Nd5 
Nd7 16.Bxg7 Kxg7 17.Qd4+ f6 18.Rac1 a5 19.c5 axb4 20.cxd6 exd6 21.Nc7 Rxa2
22.Qxd6 1-0

[Event "16th ECh U20 Girls"]
[Site "Patras GRE"]
[Date "1999.10.18"]
[Round "13"]
[White "Reizniece, Dana"]
[Black "Zozulia, Anna"]
[Result "1/2-1/2"]
[WhiteElo "2294"]
[BlackElo "2353"]
[EventDate "1999.10.02"]
[PlyCount "97"]

1.c4 Nf6 2.Nc3 g6 3.Nf3 Bg7 4.g3 O-O 5.Bg2 d6 6.O-O e5 7.d4 Nc6 8.d5 Ne7 
9.e4 Ne8 10.Nd2 f5 11.b4 a5 12.bxa5 Rxa5 13.Nb3 Ra8 14.c5 Nf6 15.f3 h6 16.
a4 Bd7 17.Bd2 Qe8 18.a5 g5 19.Qe2 Qg6 20.Nb5 Ne8 21.Bb4 h5 22.Rfc1 g4 23.
Nxc7 Nxc7 24.cxd6 gxf3 25.Bxf3 Bb5 26.Qg2 Nexd5 27.exf5 Qxf5 28.Be4 Qf7 
29.Rxc7 Nxc7 30.dxc7 Qxc7 31.Bxf8 Rxf8 32.Rc1 Bc6 33.Bxc6 bxc6 34.Qxc6 
Qa7+ 35.Qc5 Qb7 36.Qe3 Rf3 37.Nc5 Qb2 38.Nd3 Qb7 39.a6 Qd5 40.Nb4 Qf7 41.
Qb6 Ra3 42.Nc6 Bh6 43.Nxe5 Bxc1 44.Qd8+ Qf8 45.Qd5+ Kg7 46.Qb7+ Kg8 47.
Qd5+ Kg7 48.Qb7+ Kg8 49.Qd5+ 1/2-1/2